1209 1523 1133 1564 1994 1722 1805 1044 1138 1582 1991 1937 1220 1432 1932 1538 1522 1175 1209 1421 1014 1738 1329 1135 1875 1500 1961 1721 1596 1821 1232 1669 1420 1409 1583 1832 1974 1417 1352 1770 1270 1092 1707 1410 1966 1831 1590 1953 1344 1640 1192 1524 1041 1468 1495 1620 1508 1996 1526 1519 1636 1690 1849 1237 1003 1119 1350 1361 1585 1785 1068 1845 1118 1793 1245 1135 1661 1108 1468 1703 1223 1668 1465 1965 1859 1130 1155 1504 1816 1918 1608 1943 1879 1778 1396 1819 1301 1192 1516 BCNSPRNW ULIB Ver.6.0+V

เปลี่ยนเป็นภาษาไทย

Change to English
 แสดงรายละเอียดบรรณานุกรม
  กลับหน้าหลัก

Brief Record : Get Marc (ISO 2709) : E-mail record : QR code < ปิดหน้าต่าง
LEADER : 00000nas 2200000uu 4500
001    13399125081
003     ULIB
008    160620s2559||||th 000 0 tha d
022    ^a01257477
110    ^aกรtทรวงสาธารณสุข^bกรมควบคุมโรค^bสำนักระบาดวิทยา^c
245    ^aรายงานการเฝ้าระวังทางระบาดวิทยาประจำสัปดาห์(วิทยาเขตนครสวรรค์)/^cสำนักระบาดวิทยา
260    ^aนนทบุรี :^bสำนักระบาดวิทยา,^cม.ป.ป.
310    ^aรายปี
850 ^a ULIB^bปีที่ 47 ฉบับที่ ฉบับพิเศษ ฉ.1 ;ปีที่ 45 ฉบับที่ ฉบับพิเศษ ฉ.1
945    ^p0^l0^i903865
945    ^p0^l0^i903866
999    ^aเกษร โพธิ์สุวรรณ
รายการนี้ยังไม่มีแท็ก
คุณยังไม่ได้ล็อกอิน คุณสามารถมีกิจกรรมร่วมกับเว็บไซต์ได้ แต่ต้องล็อกอินก่อน ::
  ล็อกอิน

รายการสื่อสารสนเทศ (วารสาร)

ดูแบบ: กล่อง รายการ
ARRIVED
ปีที่ 45 ฉบับที่ ฉบับพิเศษ ฉ.1
สถานที่: ห้องสมุดวิทยาเขตสวรรค์ประชารักษ์ >วารสาร
ARRIVED
ปีที่ 47 ฉบับที่ ฉบับพิเศษ ฉ.1
สถานที่: ห้องสมุดวิทยาเขตสวรรค์ประชารักษ์ >วารสาร

BibComment


ยังไม่เคยถูกคอมเมนท์

คอมเมนท์ทรัพยากรรายการนี้
  คอมเมนท์: รายงานการเฝ้าระว..


 Copyright 2026. Bcnsprnw @Library